ՀՀ Գիտությունների ազգային ակադեմիայի հիմնարար գիտական գրադարան  =   Fundamental Scientific Library of NAS RA

Էլեկտրոնային հաշվողական մեքենաների տրամաբանական սխեմաները : (Record no. 236140)

MARC details
000 -LEADER
fixed length control field 00985nam a2200229 a 4500
001 - CONTROL NUMBER
control field 000653779
003 - CONTROL NUMBER IDENTIFIER
control field AM-YeHGA
005 - DATE AND TIME OF LATEST TRANSACTION
control field 20250618073438.0
008 - FIXED-LENGTH DATA ELEMENTS--GENERAL INFORMATION
fixed length control field 090423s2009 ai | |||||||||||||arm|d
020 ## - INTERNATIONAL STANDARD BOOK NUMBER
International Standard Book Number 9789939532066
040 ## - CATALOGING SOURCE
Original cataloging agency AM-YeHGA
041 0# - LANGUAGE CODE
Language code of text/sound track or separate title arm
090 ## - LOCALLY ASSIGNED LC-TYPE CALL NUMBER (OCLC); LOCAL CALL NUMBER (RLIN)
-- 237707
100 1# - MAIN ENTRY--PERSONAL NAME
Personal name Պետրոսյան, Կիրով Հարությունի
245 10 - TITLE STATEMENT
Title Էլեկտրոնային հաշվողական մեքենաների տրամաբանական սխեմաները :
Remainder of title ՈՒսումնական ձեռնարկ /
Statement of responsibility, etc. Կ. Հ. Պետրոսյան; Հյուսիսային համալսարան.
260 ## - PUBLICATION, DISTRIBUTION, ETC.
Place of publication, distribution, etc. Երևան :
Name of publisher, distributor, etc. Ա. հ.,
Date of publication, distribution, etc. 2009.
300 ## - PHYSICAL DESCRIPTION
Extent 192 էջ :
Other physical details գծանկ., աղյս. ;
Dimensions 20 սմ.
504 ## - BIBLIOGRAPHY, ETC. NOTE
Bibliography, etc. note Մատենագիտ. տողատ. ծանոթ. և էջ՝ 190 հայ. և ռուս.
504 ## - BIBLIOGRAPHY, ETC. NOTE
Bibliography, etc. note Հավելված էջ՝ 166-189
650 14 - SUBJECT ADDED ENTRY--TOPICAL TERM
Topical term or geographic name entry element Էլեկտրոնային հաշվիչ մեքենաներ
710 2# - ADDED ENTRY--CORPORATE NAME
Corporate name or jurisdiction name as entry element Հյուսիսային համալսարան
9 (RLIN) 8825
Holdings
Withdrawn status Lost status Damaged status Not for loan Collection Home library Current library Date acquired Cost, normal purchase price Shelving control number Total checkouts Full call number Barcode Date last seen Price effective from Koha item type Public note
        General Fundamental Scientific Library Fundamental Scientific Library 29/12/2016 2500.00     AII/96193 FL0175988 29/12/2016 29/12/2016 Գրքեր / Books 30 Days Loan


ՀՀ ԳԱԱ հիմնարար գիտական գրադարան
ՀՀ,Երևան 0019
Մարշալ Բաղրամյան 24/6
հեռախոս:(374-10) 52-47-50
Հետադարձ կապ

All site content, except where otherwise noted, is licensed under a
Creative Commons License